000 00909nam a2200277Ia 4500
003 GCL
008 140319s9999 xx 000 0 ara d
040 _aGCL /
_cGCL
082 0 4 _a671.2
_bج ع
100 1 _aجينسكى ، رودلف
245 1 0 _aعمليات قطع المعادن /
_cجينسكى ، رودلف
260 _a[S.N] :
_bلجنة الاعلام والدراسات المستقبلية ،
_c1977
300 _a210 ص ؛
_c20 سم
490 _aالاسس التكنولوجية
_v0
650 0 4 _aالتبريد
650 0 4 _aالمعادن
650 0 4 _aالماكينات
650 0 4 _aالخراطة
650 0 4 _aالمعادن - قطع
650 0 4 _aماكينات الثقب
650 0 4 _aماكينات التفريز
650 0 4 _aماكينات التجليخ
650 0 4 _aماكينات الكشط
650 0 4 _aماكينات التزليق
942 _2ddc
_cBK
999 _c53193
_d53193